书目信息 |
| 题名: |
临床症状鉴别诊断学
|
|
| 作者: | 钱悳 , 郑伟如 主编 | |
| 分册: | ||
| 出版信息: | 上海 上海科学技术出版社 1981 |
|
| 页数: | 744页 | |
| 开本: | 25cm | |
| 丛书名: | ||
| 单 册: | ||
| 中图分类: | R447 , R44 | |
| 科图分类: | ||
| 主题词: | 症状-鉴别诊断 , 鉴别诊断-症状 | |
| 电子资源: | ||
| ISBN: | ||
| 000 | 00717nam0 2200253 450 | |
| 001 | 1550415220 | |
| 005 | 20150131140046.65 | |
| 010 | @b精装@dCNY5.20 | |
| 091 | @a14119.1523 | |
| 100 | @a19950510d1981 em y0chiy50 ea | |
| 101 | 0 | @achi |
| 102 | @aCN@b310000 | |
| 105 | @ay z 000yy | |
| 200 | 1 | @a临床症状鉴别诊断学@9lin chuang zheng zhuang jian bie zhen duan xue@f钱惪, 郑伟如主编 |
| 210 | @a上海@c上海科学技术出版社@d1981 | |
| 215 | @a744页@d25cm | |
| 606 | 0 | @a症状-鉴别诊断 |
| 606 | 0 | @a鉴别诊断-症状 |
| 690 | @aR447@v5 | |
| 690 | @aR44@v4 | |
| 701 | 0 | @a钱悳@9qian de@f(1906~2006)@4主编 |
| 701 | 0 | @a郑伟如@9zheng wei ru@f(1911~)@4主编 |
| 801 | 0 | @aCN@bTSSF@c20150131 |
| 905 | @aZUCC@dR44@eJY89 | |
| 临床症状鉴别诊断学/钱惪, 郑伟如主编.-上海:上海科学技术出版社,1981 |
| 744页;25cm |
| ISBN (精装):CNY5.20 |
| ● |
| 相关链接 |
|
|
|
|
正题名:临床症状鉴别诊断学
索取号:R44/JY89
 
预约/预借
| 序号 | 登录号 | 条形码 | 馆藏地/架位号 | 状态 | 备注 |
| 1 | 7862096 | 278620967 | 学院路分馆/ [索取号:R44/JY89] | 在馆 |